Načítá se...
Malabar se Moscow thak /
| Další autoři: | |
|---|---|
| Médium: | Printed Book |
| Jazyk: | English |
| Vydáno: |
Sabdkar,
1970.
|
| LEADER | 00323nam a2200109Ia 4500 | ||
|---|---|---|---|
| 008 | 150624b xxu||||| |||| 00| 0 eng d | ||
| 245 | |a Malabar se Moscow thak / | ||
| 260 | |b Sabdkar, |c 1970. | ||
| 700 | |a Nurnabi Abasi | ||
| 942 | |c BK | ||
| 999 | |c 2453 |d 2453 | ||
| 952 | |0 1 |1 0 |4 0 |7 0 |9 2452 |a UL |b UL |c ST1 |d 1998-09-01 |l 0 |p 4889 |r 2012-10-27 |w 2012-10-27 |y BK | ||